Corporate Governance and Business Ethics (Record no. 1079)

MARC details
000 -LEADER
fixed length control field 00407nam a22001697a 4500
005 - DATE AND TIME OF LATEST TRANSACTION
control field 20180221121709.0
008 - FIXED-LENGTH DATA ELEMENTS--GENERAL INFORMATION
fixed length control field 160519b xxu||||| |||| 00| 0 eng d
020 ## - INTERNATIONAL STANDARD BOOK NUMBER
ISBN 140-392859-2
041 ## - LANGUAGE CODE
Language code of text/sound track or separate title eng
082 ## - DEWEY DECIMAL CLASSIFICATION NUMBER
Item number 3138
Classification number 174.4
100 ## - MAIN ENTRY--AUTHOR NAME
Personal name Mathur, U C
245 ## - TITLE STATEMENT
Title Corporate Governance and Business Ethics
260 ## - PUBLICATION, DISTRIBUTION, ETC. (IMPRINT)
Name of publisher Mac Millan
Year of publication 2005
300 ## - PHYSICAL DESCRIPTION
Number of Pages 306
650 ## - SUBJECT ADDED ENTRY--TOPICAL TERM
Topical Term Management
942 ## - ADDED ENTRY ELEMENTS (KOHA)
Koha item type Books
Holdings
Lost status Damaged status Collection code Home library Current library Shelving location Date acquired Cost, normal purchase price Full call number Accession Number Koha item type
    LIFE SKILL JRU Library JRU Library SHELF-102-J 19/05/2016 205.00 174.4 3138 Books
    MANAGEMENT JRU Library JRU Library SHELF-62 -H 19/05/2016 205.00 174.4 3139 Books
    MANAGEMENT JRU Library JRU Library SHELF-62 -I 19/05/2016 205.00 174.4 3140 Books
    AGRICULTURE JRU Library JRU Library Shelf - 12 - H 19/05/2016 205.00 174.4 3141 Books
    MANAGEMENT JRU Library JRU Library SHELF-62 -H 19/05/2016 205.00 174.4 3142 Books
    LIFE SKILL JRU Library JRU Library SHELF-102-E 19/05/2016 205.00 174.4 3143 Books
    AGRICULTURE JRU Library JRU Library SHELF-28-A 19/05/2016 205.00 174.4 3144 Books
    MANAGEMENT JRU Library JRU Library SHELF-62 -H 19/05/2016 205.00 174.4 3145 Books
    MANAGEMENT JRU Library JRU Library SHELF-62 -H 19/05/2016 205.00 174.4 3146 Books